| 000 | 00544cam a2200145 4500500 | ||
|---|---|---|---|
| 005 | 20260111093417.0 | ||
| 041 | _afre | ||
| 042 | _adc | ||
| 100 | 1 | 0 |
_aMiossec, Alain _eauthor |
| 245 | 0 | 0 | _aLe Crémant de Bourgogne, deux siècles d’effervescence. Sous la direction de Jean-François Bazin. Dunod 2015, 240 p., 27€ |
| 260 | _c2016. | ||
| 500 | _a74 | ||
| 786 | 0 | _nLa Géographie | 1561 | 2 | 2016-04-01 | p. 54i-59i | 1964-9002 | |
| 856 | 4 | 1 | _uhttps://shs.cairn.info/revue-la-geographie-2016-2-page-54i?lang=fr&redirect-ssocas=7080 |
| 999 |
_c1626283 _d1626283 |
||